|
|
|
|
| LEADER |
01349nam a2200385Ia 4500 |
| 001 |
EBC431310 |
| 003 |
MiAaPQ |
| 005 |
20200520144314.0 |
| 006 |
m o d | |
| 007 |
cr cn||||||||| |
| 008 |
970204s1997 nyu sb 001 0 eng d |
| 010 |
|
|
|z 96005503
|
| 020 |
|
|
|z 019510272X (acid-free paper)
|
| 020 |
|
|
|z 0195102738 (pbk. : acid-free paper)
|
| 020 |
|
|
|z 9780195102734
|
| 035 |
|
|
|a (MiAaPQ)EBC431310
|
| 035 |
|
|
|a (Au-PeEL)EBL431310
|
| 035 |
|
|
|a (CaPaEBR)ebr10279343
|
| 035 |
|
|
|a (CaONFJC)MIL45236
|
| 035 |
|
|
|a (OCoLC)609832352
|
| 040 |
|
|
|a MiAaPQ
|c MiAaPQ
|d MiAaPQ
|
| 050 |
|
4 |
|a K487.E3
|b S86 1997
|
| 082 |
0 |
4 |
|a 330.12/2
|2 20
|
| 100 |
1 |
|
|a Sunstein, Cass R.
|
| 245 |
1 |
0 |
|a Free markets and social justice
|h [electronic resource] /
|c Cass R. Sunstein.
|
| 260 |
|
|
|a New York :
|b Oxford University Press,
|c 1997.
|
| 300 |
|
|
|a vi, 407 p.
|
| 504 |
|
|
|a Includes bibliographical references and index.
|
| 533 |
|
|
|a Electronic reproduction. Ann Arbor, MI : ProQuest, 2015. Available via World Wide Web. Access may be limited to ProQuest affiliated libraries.
|
| 650 |
|
0 |
|a Free enterprise.
|
| 650 |
|
0 |
|a Law
|x Economic aspects.
|
| 650 |
|
0 |
|a Social justice.
|
| 655 |
|
4 |
|a Electronic books.
|
| 710 |
2 |
|
|a ProQuest (Firm)
|
| 856 |
4 |
0 |
|u https://ebookcentral.proquest.com/lib/matrademy/detail.action?docID=431310
|z Click to View
|